[Event "ICS rated blitz match"]
[Site "204.178.125.65"]
[Date "2001.07.02"]
[Round "?"]
[White "PostModernist"]
[Black "Hossa"]
[Result "1-0"]
[WhiteElo "2553"]
[BlackElo "2539"]
[PlyCount "131"]
[EventDate "2001.??.??"]

1. e4 g6 2. d4 Nf6 3. Nc3 d5 4. exd5 Nxd5 5. Bc4 Nb6 6. Bb3 Bg7 7. Be3 O-O 8.
a4 c6 9. Nge2 Na6 10. a5 Nd5 11. Nxd5 cxd5 12. O-O Nc7 13. Nc3 Kh8 14. Bf4 Na6
15. Be5 Bxe5 16. dxe5 e6 17. Nb5 f6 18. Qd4 fxe5 19. Qxe5+ Qf6 20. Qxf6+ Rxf6
21. Nd6 Nc5 22. Ba2 Rf8 23. g3 Kg7 24. Rfd1 Bd7 25. b4 Na6 26. b5 Nc7 27. c4
dxc4 28. Bxc4 e5 29. Re1 Kf6 30. Ne4+ Ke7 31. Nc5 Bxb5 32. Bxb5 Nxb5 33. Rxe5+
Kd6 34. f4 Rf5 35. Ne4+ Kd7 36. Rd1+ Kc7 37. Re7+ Kc6 38. Re6+ Kc7 39. Re7+ Kc6
40. Rc1+ Kd5 41. g4 Rxf4 42. Rc5+ Kd4 43. Rxb5 Rxg4+ 44. Ng3 h5 45. Rbxb7 Kd5
46. Rbd7+ Kc6 47. Kf2 Rh4 48. Kg2 a6 49. Rc7+ Kb5 50. Re5+ Ka4 51. Rc6 Rg4 52.
h3 Rd4 53. Rxg6 h4 54. Ne4 Ka3 55. Rh6 Kb4 56. Rxh4 Rb8 57. Rg4 Ra8 58. Rg6 Rd7
59. Nc5 Rda7 60. Rg4+ Ka3 61. Re3+ Ka2 62. Ra4+ Kb1 63. Rb3+ Kc1 64. Rc4+ Kd1
65. Rd3+ Ke1 66. Re4# {Hossa checkmated} 1-0

[Event "ICS rated blitz match"]
[Site "204.178.125.65"]
[Date "2001.07.02"]
[Round "?"]
[White "Hossa"]
[Black "PostModernist"]
[Result "0-1"]
[WhiteElo "2524"]
[BlackElo "2568"]
[PlyCount "118"]
[EventDate "2001.??.??"]

1. d4 Nf6 2. e3 e6 3. Bd2 d5 4. Nf3 Bd6 5. Nc3 O-O 6. Bd3 Nc6 7. Nb5 e5 8. dxe5
Bxe5 9. Nxe5 Nxe5 10. Bb4 Re8 11. O-O Bg4 12. Qd2 a6 13. Nd4 b6 14. h3 Bxh3 15.
gxh3 c5 16. Qd1 cxb4 17. Qe2 b5 18. a3 bxa3 19. Rxa3 Nc4 20. Bxc4 dxc4 21. Rd1
Ne4 22. Qf3 Qd6 23. Rda1 b4 24. Ra5 c3 25. b3 Qb6 26. R1a4 Nc5 27. Ra1 Rac8 28.
Kf1 Re5 29. Qg4 Rd8 30. Qh4 Red5 31. Qg4 Qf6 32. Qg2 Kh8 33. Qg4 h5 34. Qg2 Kh7
35. Rd1 Rg5 36. Qh2 Nxb3 37. Rxg5 Nd2+ 38. Ke2 Qxg5 39. Rg1 Qd5 40. Qg3 g6 41.
h4 b3 42. cxb3 Nxb3 43. Nxb3 Qxb3 44. Qc7 Rd2+ 45. Kf3 Rd1 46. Rg5 c2 47. Rc5
Qe6 48. Rxh5+ gxh5 49. Qxc2+ Qg6 50. Qe4 Qxe4+ 51. Kxe4 a5 52. Ke5 Kg7 53. Kf4
a4 54. e4 a3 55. Kf5 a2 56. Kf4 Rd3 57. Kg5 a1=Q 58. Kxh5 Qg1 59. f3 Qg6# {
Hossa checkmated} 0-1

[Event "ICS rated blitz match"]
[Site "204.178.125.65"]
[Date "2001.07.02"]
[Round "?"]
[White "Hossa"]
[Black "QueenMaxima"]
[Result "1/2-1/2"]
[WhiteElo "2510"]
[BlackElo "2448"]
[PlyCount "105"]
[EventDate "2001.??.??"]

1. d4 Nf6 2. Nc3 d5 3. Bf4 c6 4. e3 Qb6 5. Rb1 Na6 6. Nf3 Qa5 7. Nd2 Bg4 8. f3
Bd7 9. Nb3 Qb6 10. a3 Nb8 11. Bd3 g6 12. Nc5 Bc8 13. O-O Bg7 14. Be5 O-O 15. e4
Nbd7 16. Nxd7 Bxd7 17. Qe1 Rae8 18. Qh4 Rd8 19. Na4 Qa5 20. Nc5 Bc8 21. Nb3 Qb6
22. Be2 h6 23. Nc5 Nd7 24. Na4 Qa5 25. Bxg7 Kxg7 26. Nc3 dxe4 27. fxe4 e5 28.
b4 Qb6 29. Rbd1 exd4 30. Na4 Qc7 31. Rxd4 f6 32. Qf2 f5 33. exf5 Rxf5 34. Qe3
Nb6 35. Nxb6 axb6 36. Re4 Rxf1+ 37. Bxf1 Qd6 38. Be2 b5 39. Re7+ Kf6 40. Rh7
Qd4 41. Qxd4+ Rxd4 42. Bd3 Bf5 43. Bxf5 Kxf5 44. Rxb7 Rd1+ 45. Kf2 Rd2+ 46. Kf3
Rxc2 47. Rf7+ Ke5 48. Re7+ Kd5 49. Rd7+ Ke6 50. Rc7 Ke5 51. Re7+ Kf5 52. Rf7+
Ke5 53. Re7+ {Game drawn by repetition} 1/2-1/2

[Event "ICS rated standard match"]
[Site "204.178.125.65"]
[Date "2001.07.02"]
[Round "?"]
[White "PostModernist"]
[Black "Hossa"]
[Result "1/2-1/2"]
[WhiteElo "2291"]
[BlackElo "2310"]
[PlyCount "121"]
[EventDate "2001.??.??"]

1. c4 c6 2. Nc3 Nf6 3. e4 d5 4. exd5 cxd5 5. d4 e6 6. Nf3 Be7 7. cxd5 Nxd5 8.
Bd3 Nc6 9. O-O O-O 10. Re1 Nf6 11. a3 Bd7 12. Bc2 Qc7 13. d5 Na5 14. Qd4 Bd6
15. dxe6 Bxe6 16. Bg5 Be7 17. Qh4 h6 18. Bf4 Qc5 19. Be3 Qh5 20. Qxh5 Nxh5 21.
Bxh6 gxh6 22. Re5 Nc4 23. Rxh5 Nxb2 24. Be4 Rac8 25. Ne2 Rc7 26. Rxh6 Bg4 27.
Nfd4 Bg5 28. Rd6 Bxe2 29. Rd5 Bf6 30. Nxe2 Re8 31. Ng3 Nc4 32. Re1 Bc3 33. Red1
Be5 34. Rd8 Kf8 35. Rxe8+ Kxe8 36. Rd5 Bb2 37. a4 a6 38. Nf5 Nb6 39. Rd1 Nxa4
40. Bxb7 a5 41. h4 Nc3 42. Rd2 Bc1 43. Rc2 Bf4 44. g3 Be5 45. f4 Bf6 46. Rb2 a4
47. Rb6 Kd8 48. Rxf6 Rxb7 49. Ra6 Kd7 50. h5 Rb2 51. h6 Rb8 52. Rd6+ Kc7 53.
Rf6 a3 54. Ra6 a2 55. Kf2 Rb6 56. Ra8 Rb8 57. Ra7+ Rb7 58. Ra8 Rb8 59. Ra7+ Rb7
60. Ra8 Rb8 61. Ra7+ {Game drawn by repetition} 1/2-1/2

[Event "ICS rated standard match"]
[Site "204.178.125.65"]
[Date "2001.07.02"]
[Round "?"]
[White "Hossa"]
[Black "kolyap"]
[Result "1-0"]
[WhiteElo "2309"]
[BlackElo "1703"]
[PlyCount "85"]
[EventDate "2001.??.??"]

1. d4 Nf6 2. Nc3 g6 3. e4 Bg7 4. e5 Ng8 5. Bc4 d6 6. Nf3 dxe5 7. Nxe5 Bxe5 8.
dxe5 Qxd1+ 9. Nxd1 Bf5 10. Bf4 e6 11. Ne3 Nc6 12. Rd1 Nge7 13. Bg5 Nxe5 14.
Nxf5 Nxf5 15. Bf6 Nxc4 16. Bxh8 Ke7 17. Bc3 Nfd6 18. Ke2 Nb5 19. Kd3 Nbd6 20.
b3 Nb6 21. Be5 Rd8 22. Ke2 f6 23. Bxd6+ Rxd6 24. c4 Nd7 25. Ke3 Ne5 26. h3 Kd7
27. Rhe1 Kc6 28. f4 Nd7 29. b4 b6 30. g3 a6 31. a3 e5 32. Kf2 exf4 33. gxf4 h5
34. h4 f5 35. Rxd6+ Kxd6 36. Re8 Nf6 37. Rf8 Ke7 38. Ra8 Ne4+ 39. Ke3 Nd6 40.
c5 bxc5 41. bxc5 Nc4+ 42. Kd3 Nxa3 43. Rxa6 {kolyap resigns} 1-0

[Event "ICS rated blitz match"]
[Site "204.178.125.65"]
[Date "2001.07.02"]
[Round "?"]
[White "ChesterX"]
[Black "Hossa"]
[Result "1-0"]
[WhiteElo "2761"]
[BlackElo "2507"]
[PlyCount "111"]
[EventDate "2001.??.??"]

1. d4 Nf6 2. Nf3 g6 3. Nc3 d5 4. Bf4 Bg7 5. e3 O-O 6. Be2 c5 7. dxc5 Qa5 8. Nd2
Qb4 9. a3 Qxc5 10. Nb3 Qb6 11. O-O Qd8 12. Bf3 Nc6 13. Nd4 Nxd4 14. exd4 Ne4
15. Nxe4 dxe4 16. Bxe4 f5 17. Bf3 Qxd4 18. Qxd4 Bxd4 19. c3 Bf6 20. Bc7 Kg7 21.
Rad1 g5 22. Rfe1 Rf7 23. Bh5 Rf8 24. h3 a6 25. Bf3 Re8 26. Rd5 g4 27. hxg4 fxg4
28. Be4 e5 29. Rc5 Re6 30. g3 h6 31. b4 Re8 32. Bd6 Kf7 33. c4 a5 34. bxa5 Ke6
35. Bc7 Kf7 36. Rb1 Ra7 37. Rcb5 Be6 38. Bb6 Raa8 39. Bxb7 Bxc4 40. Rc5 Bd3 41.
Bxa8 Bxb1 42. Bd5+ Kg6 43. a6 Kf5 44. Rc6 Bd3 45. a7 Kg6 46. Bc7 Bb5 47. Rb6
Bc4 48. Be4+ Kg5 49. Bb8 Rd8 50. a8=Q Rd1+ 51. Kg2 Rc1 52. Bxe5 Rg1+ 53. Kxg1
Bxe5 54. Qd8+ Bf6 55. Qxf6+ Kh5 56. Qxh6# {Hossa checkmated} 1-0

[Event "ICS rated bullet match"]
[Site "204.178.125.65"]
[Date "2001.07.02"]
[Round "?"]
[White "Hossa"]
[Black "explosiv-gent"]
[Result "1-0"]
[WhiteElo "2466"]
[BlackElo "1963"]
[PlyCount "71"]
[EventDate "2001.??.??"]

1. d4 e6 2. c4 d5 3. Nc3 Nf6 4. e3 Bb4 5. cxd5 Bxc3+ 6. bxc3 Nxd5 7. c4 Nf6 8.
Bd3 O-O 9. Ba3 Nbd7 10. Bxf8 Nxf8 11. Ne2 c5 12. O-O cxd4 13. exd4 Ng6 14. Bxg6
hxg6 15. Qd3 Bd7 16. Nc3 Bc6 17. Rfd1 Qd6 18. Ne2 Rd8 19. Qh3 Nh5 20. Qh4 Nf6
21. Rd3 e5 22. Rh3 Kf8 23. d5 Bd7 24. Rb3 Bc8 25. Qh8+ Ng8 26. Rc1 b6 27. Re3
Qf6 28. Re1 Re8 29. Ng3 g5 30. Nh5 Qh6 31. Qxh6 gxh6 32. Rxe5 f6 33. Rxe8+ Kf7
34. Rxc8 Kg6 35. Rxg8+ Kxh5 36. d6 {explosiv-gent resigns} 1-0

[Event "ICS rated standard match"]
[Site "204.178.125.65"]
[Date "2001.07.02"]
[Round "?"]
[White "Hossa"]
[Black "shrimp"]
[Result "1-0"]
[WhiteElo "2310"]
[BlackElo "1503"]
[PlyCount "33"]
[EventDate "2001.??.??"]

1. Nf3 c5 2. g3 Nc6 3. Bg2 d5 4. d4 c4 5. O-O h6 6. b3 b5 7. Nc3 a6 8. Nxd5 Bb7
9. bxc4 bxc4 10. Ne3 Nf6 11. Ne5 Rc8 12. c3 Ba8 13. Qa4 Qa5 14. Bxc6+ Bxc6 15.
Qxa5 Be4 16. Qa4+ Kd8 17. Nxf7+ {shrimp resigns} 1-0

[Event "ICS rated standard match"]
[Site "204.178.125.65"]
[Date "2001.07.02"]
[Round "?"]
[White "checkmatee"]
[Black "Hossa"]
[Result "0-1"]
[WhiteElo "1614"]
[BlackElo "2310"]
[PlyCount "114"]
[EventDate "2001.??.??"]

1. e4 c5 2. Nc3 Nc6 3. Nf3 e6 4. d4 cxd4 5. Nxd4 a6 6. Nxc6 bxc6 7. Bc4 d5 8.
exd5 cxd5 9. Be2 Bd6 10. Qd4 Nf6 11. Bg5 h6 12. Bxf6 gxf6 13. O-O-O Be5 14. Qd2
Qa5 15. a3 Bxc3 16. Qxc3 Qxc3 17. bxc3 Rg8 18. Rhg1 Bb7 19. Bf3 Rb8 20. Kd2 Ba8
21. Rb1 Kd7 22. Rb3 Bc6 23. Rgb1 Rbc8 24. c4 dxc4 25. Bxc6+ Rxc6 26. Rc3 Rxg2
27. Rb7+ Kc8 28. Rxf7 Rxf2+ 29. Ke1 Rxh2 30. Rg3 Rh1+ 31. Kf2 Rd6 32. Rg8+ Rd8
33. Rxd8+ Kxd8 34. Rxf6 Ke7 35. Rf3 Kd6 36. Rc3 Kd5 37. Rg3 Rh2+ 38. Kg1 Rxc2
39. Rh3 c3 40. Kf1 Kc4 41. Rxh6 Ra2 42. Rxe6 c2 43. Rc6+ Kd3 44. Rd6+ Kc3 45.
Rc6+ Kb2 46. Rb6+ Kxa3 47. Rxa6+ Kb2 48. Rb6+ Ka1 49. Rc6 Rb2 50. Ra6+ Kb1 51.
Rc6 c1=Q+ 52. Rxc1+ Kxc1 53. Ke1 Rc2 54. Kf1 Kd1 55. Kg1 Ke1 56. Kh1 Kf2 57.
Kh2 Rc3 {checkmatee resigns} 0-1

[Event "ICS rated standard match"]
[Site "204.178.125.65"]
[Date "2001.07.02"]
[Round "?"]
[White "Hossa"]
[Black "shrimp"]
[Result "1-0"]
[WhiteElo "2311"]
[BlackElo "1493"]
[PlyCount "47"]
[EventDate "2001.??.??"]

1. e3 e5 2. c4 e4 3. Nc3 Nf6 4. Qc2 Qe7 5. f3 exf3 6. Nxf3 c6 7. Be2 g6 8. O-O
Bg7 9. e4 d6 10. d4 O-O 11. Bg5 h6 12. Bh4 g5 13. Bf2 Nfd7 14. b4 c5 15. Nd5
Qd8 16. bxc5 dxc5 17. Rad1 cxd4 18. Nxd4 Nc5 19. Nb5 Be5 20. Bxc5 Re8 21. Ne7+
Qxe7 22. Bxe7 Rxe7 23. Rd8+ Kg7 24. Rxc8 {shrimp resigns} 1-0

[Event "ICS rated bullet match"]
[Site "204.178.125.65"]
[Date "2001.07.02"]
[Round "?"]
[White "Atoms"]
[Black "Hossa"]
[Result "1-0"]
[WhiteElo "2475"]
[BlackElo "2472"]
[PlyCount "87"]
[EventDate "2001.??.??"]

1. d4 Nf6 2. c4 c5 3. d5 g6 4. Nc3 Bg7 5. e4 d6 6. Bd3 e5 7. dxe6 fxe6 8. Nf3
O-O 9. O-O Nc6 10. Bg5 h6 11. Bc1 Ng4 12. Be2 Nf6 13. a4 Kh8 14. Qd3 Nb4 15.
Qd2 Nh5 16. Rd1 Nf4 17. Bf1 Nh3+ 18. gxh3 Rxf3 19. e5 d5 20. cxd5 exd5 21. Nxd5
Qxd5 22. Qxd5 Nxd5 23. Rxd5 Bf8 24. Rd8 Kg7 25. Be2 Rf7 26. Bg4 Rc7 27. Bxh6+
Kxh6 28. Rxf8 Kg7 29. Rd8 b6 30. Bf3 Rb8 31. e6 b5 32. axb5 Kf6 33. Re1 Re7 34.
Kg2 g5 35. Kg3 Rh7 36. Red1 Rc7 37. Rf8+ Kxe6 38. Re1+ Kd6 39. Rf6+ Be6 40.
Rfxe6+ Kd7 41. Re7+ Kd8 42. Re8+ Kd7 43. Bg4+ Kd6 44. Rd1# {Hossa checkmated}
1-0

[Event "ICS rated bullet match"]
[Site "204.178.125.65"]
[Date "2001.07.02"]
[Round "?"]
[White "Hossa"]
[Black "Atoms"]
[Result "0-1"]
[WhiteElo "2456"]
[BlackElo "2491"]
[PlyCount "120"]
[EventDate "2001.??.??"]

1. g3 d5 2. Nf3 c6 3. Bg2 Bg4 4. b3 Nd7 5. Bb2 Ngf6 6. O-O e6 7. Ne5 Nxe5 8.
Bxe5 Nd7 9. Bb2 Qg5 10. f3 Bf5 11. e4 dxe4 12. fxe4 Bg6 13. Bc1 Bh5 14. d4 Bxd1
15. Bxg5 Bxc2 16. Nc3 Bb4 17. Na4 f6 18. Be3 Bd3 19. Rf2 O-O 20. Rd1 Bb5 21.
Nb2 Rfd8 22. Bh3 Re8 23. Rb1 c5 24. Rc1 cxd4 25. Bxd4 Nb6 26. Rc7 Bc6 27. Nd3
Bd6 28. Rxc6 bxc6 29. e5 fxe5 30. Bxe5 Rad8 31. Bg4 Nd5 32. Rc2 Bxe5 33. Nxe5
Ne3 34. Rxc6 Nxg4 35. Nxg4 Rd1+ 36. Kg2 Rd2+ 37. Kh3 Rxa2 38. Ne5 a5 39. Rb6 a4
40. bxa4 Rxa4 41. Rb7 Ra5 42. Nc4 Rh5+ 43. Kg2 Rd5 44. Kf3 e5 45. h4 e4+ 46.
Kf2 e3+ 47. Ke2 Rc5 48. Na3 Rf5 49. Nc4 Rf2+ 50. Ke1 e2 51. Nd2 Rh2 52. Nf3
Rh1+ 53. Kd2 Rd1+ 54. Kc2 Rf1 55. Rb1 Rxf3 56. Kd2 Rf7 57. Re1 Rd7+ 58. Kc3
Rc8+ 59. Kb4 Rb7+ 60. Ka5 Ra8# {Hossa checkmated} 0-1

[Event "ICS rated bullet match"]
[Site "204.178.125.65"]
[Date "2001.07.02"]
[Round "?"]
[White "Atoms"]
[Black "Hossa"]
[Result "1/2-1/2"]
[WhiteElo "2505"]
[BlackElo "2442"]
[PlyCount "118"]
[EventDate "2001.??.??"]

1. d4 e6 2. e4 d5 3. Nd2 Nf6 4. e5 Nfd7 5. Bd3 c5 6. c3 Nc6 7. Ne2 cxd4 8. cxd4
f6 9. exf6 Nxf6 10. O-O Bd6 11. Nf3 O-O 12. Bf4 Bxf4 13. Nxf4 Ng4 14. g3 Qf6
15. h3 e5 16. dxe5 Ngxe5 17. Nxe5 Nxe5 18. Bc2 Qf7 19. Bb3 Nc4 20. Qxd5 Qxd5
21. Nxd5 Nd2 22. g4 Nxb3 23. axb3 Bd7 24. Rfe1 a6 25. Rad1 Bc6 26. Ne7+ Kh8 27.
Nxc6 bxc6 28. Rd6 Rf3 29. Rxc6 Rxb3 30. Rxa6 Rf8 31. Ra2 Rxh3 32. Re4 Rb3 33.
Kg2 Rfb8 34. Re7 R3b4 35. Kg3 Rb3+ 36. f3 Rf8 37. Rf7 Kg8 38. Rxf8+ Kxf8 39.
Kf4 Ke7 40. Ke4 g5 41. Ra7+ Ke6 42. Rxh7 Rb4+ 43. Ke3 Rxb2 44. Rh6+ Kf7 45. Rd6
Rb3+ 46. Ke4 Rb4+ 47. Rd4 Rb6 48. f4 Re6+ 49. Kf5 gxf4 50. Rd7+ Re7 51. Rxe7+
Kxe7 52. Kxf4 Kf6 53. g5+ Kg6 54. Kg4 Kh7 55. Kf5 Kg7 56. Ke5 Kf7 57. Kd6 Kg7
58. Ke6 Kg6 59. Ke5 Kxg5 {Game drawn because neither player has mating material
} 1/2-1/2

[Event "ICS rated standard match"]
[Site "204.178.125.65"]
[Date "2001.07.02"]
[Round "?"]
[White "Hossa"]
[Black "Horatio"]
[Result "1-0"]
[WhiteElo "2311"]
[BlackElo "881"]
[PlyCount "55"]
[EventDate "2001.??.??"]

1. d4 d5 2. c4 dxc4 3. e3 Qd5 4. Qa4+ c6 5. Nc3 Qe6 6. Qxc4 Nf6 7. Nf3 Ne4 8.
Qxe6 fxe6 9. Nxe4 e5 10. Nxe5 e6 11. Bc4 Bb4+ 12. Bd2 a5 13. Bxb4 axb4 14. Nd6+
Ke7 15. Nef7 Rf8 16. Nxc8+ Kf6 17. Nb6 Rxf7 18. Nxa8 Ke7 19. Nb6 Rf5 20. Bd3
Ra5 21. Bxh7 b3 22. a4 Ra6 23. a5 Kd6 24. Bd3 Ra7 25. Nc8+ Kc7 26. Nxa7 Nd7 27.
Bc4 Nf6 28. Bxe6 {Horatio resigns} 1-0

[Event "ICS rated standard match"]
[Site "204.178.125.65"]
[Date "2001.07.02"]
[Round "?"]
[White "Mike17"]
[Black "Hossa"]
[Result "0-1"]
[WhiteElo "1626"]
[BlackElo "2311"]
[PlyCount "60"]
[EventDate "2001.??.??"]

1. d4 Nf6 2. g3 d5 3. Bg2 g6 4. Bg5 Ne4 5. Bxe4 dxe4 6. e3 f6 7. Bf4 e5 8. dxe5
Qxd1+ 9. Kxd1 g5 10. exf6 gxf4 11. exf4 Nd7 12. Nc3 Nxf6 13. h3 Be6 14. b3
O-O-O+ 15. Ke1 Bb4 16. Nge2 Nd5 17. Rd1 Nxc3 18. Rxd8+ Rxd8 19. Nxc3 Bxc3+ 20.
Ke2 Rd2+ 21. Kf1 Bd5 22. h4 Rd1+ 23. Kg2 e3+ 24. Kh3 Rxh1+ 25. Kg4 exf2 26. h5
Be4 27. Kg5 Bxc2 28. g4 f1=Q 29. h6 Qf2 30. f5 Qd2# {Mike17 checkmated} 0-1

[Event "ICS rated blitz match"]
[Site "204.178.125.65"]
[Date "2001.07.02"]
[Round "?"]
[White "Hossa"]
[Black "Tinker"]
[Result "1-0"]
[WhiteElo "2501"]
[BlackElo "2492"]
[PlyCount "89"]
[EventDate "2001.??.??"]

1. Nf3 Nf6 2. c4 c5 3. Nc3 e6 4. d4 d5 5. cxd5 Nxd5 6. dxc5 Bxc5 7. e4 Nxc3 8.
Qxd8+ Kxd8 9. bxc3 Bd7 10. Bd3 Ke7 11. Rb1 Bc6 12. Ne5 Nd7 13. Nxc6+ bxc6 14.
Ke2 Bd6 15. Bg5+ f6 16. Be3 Rhb8 17. Rhd1 a5 18. f4 e5 19. f5 Rxb1 20. Rxb1 Rh8
21. Rb7 Ra8 22. Bc4 Rb8 23. Ra7 Rb2+ 24. Kf3 Bb8 25. Rxa5 g6 26. fxg6 hxg6 27.
Ra6 Rc2 28. Rxc6 Rxc3 29. Bb5 Ra3 30. Ra6 Rxa6 31. Bxa6 Nf8 32. Bc4 Ne6 33.
Bxe6 Kxe6 34. a4 Bc7 35. Bd2 Kd6 36. g4 g5 37. Bb4+ Ke6 38. a5 Bd8 39. a6 Bb6
40. Be1 Kd7 41. Bf2 Bxf2 42. Kxf2 Kc7 43. Kg3 Kb6 44. h4 Kxa6 45. h5 {
Tinker resigns} 1-0

[Event "ICS rated standard match"]
[Site "204.178.125.65"]
[Date "2001.07.02"]
[Round "?"]
[White "ChesterX"]
[Black "Hossa"]
[Result "1-0"]
[WhiteElo "2518"]
[BlackElo "2312"]
[PlyCount "97"]
[EventDate "2001.??.??"]

1. d4 Nf6 2. c4 c5 3. d5 g6 4. g3 Bg7 5. Nf3 O-O 6. Nc3 b6 7. Bg2 Ba6 8. Qd3
Bb7 9. O-O d6 10. e4 Na6 11. Bf4 Qd7 12. Rfe1 Nh5 13. Bg5 e5 14. dxe6 fxe6 15.
Rad1 h6 16. Bc1 Rad8 17. Nb5 Nb4 18. Qb1 Qe7 19. Nxa7 Ba6 20. Nb5 Bxb5 21. cxb5
c4 22. Be3 Nd3 23. Re2 d5 24. Bxb6 Rb8 25. Bd4 Rxb5 26. exd5 Rxd5 27. Bxg7 Kxg7
28. b3 Qc5 29. bxc4 Qxc4 30. Rxe6 Nf6 31. Re7+ Kg8 32. Ne1 Qb4 33. Bxd5+ Nxd5
34. Rb7 Qxb1 35. Rbxb1 Nxe1 36. Rxd5 Nf3+ 37. Kg2 Rf7 38. a4 Kg7 39. a5 Rf8 40.
a6 Nxh2 41. a7 Ra8 42. Rb7+ Kf6 43. Ra5 h5 44. Kxh2 Ke6 45. Rb8 Rxb8 46. axb8=Q
Kd7 47. Ra6 g5 48. Qb7+ Ke8 49. Ra8# {Hossa checkmated} 1-0

[Event "ICS rated bullet match"]
[Site "204.178.125.65"]
[Date "2001.07.02"]
[Round "?"]
[White "noskilled-woog"]
[Black "Hossa"]
[Result "0-1"]
[WhiteElo "1850"]
[BlackElo "2445"]
[PlyCount "42"]
[EventDate "2001.??.??"]

1. e4 c5 2. Nc3 Nc6 3. Nf3 e6 4. d4 cxd4 5. Nxd4 a6 6. Nxc6 bxc6 7. f3 d5 8.
exd5 cxd5 9. Be2 Bc5 10. Qd3 Qh4+ 11. Kd1 Qf2 12. Na4 Qxg2 13. Nxc5 Qxh1+ 14.
Kd2 Qxh2 15. Nb3 Bd7 16. Qd4 Bb5 17. c4 Bxc4 18. Qe3 Ne7 19. Nd4 e5 20. Qxe5
Qxe5 21. f4 Qxd4+ {noskilled-woog resigns} 0-1

[Event "ICS rated blitz match"]
[Site "204.178.125.65"]
[Date "2001.07.02"]
[Round "?"]
[White "nitewalker"]
[Black "Hossa"]
[Result "0-1"]
[WhiteElo "1022"]
[BlackElo "2517"]
[PlyCount "78"]
[EventDate "2001.??.??"]

1. d4 d5 2. Nf3 Nf6 3. Nc3 c6 4. Bf4 g6 5. e3 Bg7 6. Bd3 Nh5 7. Bxb8 Rxb8 8.
Qd2 O-O 9. O-O Nf6 10. Rae1 Bh6 11. b3 Qc7 12. Ne2 c5 13. dxc5 Qxc5 14. a4 Ng4
15. h3 Nxe3 16. fxe3 Bxe3+ 17. Qxe3 Qxe3+ 18. Rf2 Qc5 19. Ref1 f6 20. Ng3 e5
21. Be2 e4 22. Nd2 e3 23. Nde4 exf2+ 24. Nxf2 Qxc2 25. Rd1 Qxb3 26. Bb5 Qxg3
27. Rxd5 Bf5 28. Bc4 Qc3 29. Rc5+ Kh8 30. Rc7 Qc1+ 31. Kh2 Qf4+ 32. Kg1 Qxc7
33. Be2 Qc1+ 34. Bf1 Rfe8 35. a5 Re1 36. Nd3 Rxf1+ 37. Kh2 Rh1+ 38. Kg3 Qe3+
39. Kh4 Qg5# {nitewalker checkmated} 0-1

[Event "ICS rated bullet match"]
[Site "204.178.125.65"]
[Date "2001.07.02"]
[Round "?"]
[White "iokkun"]
[Black "Hossa"]
[Result "0-1"]
[WhiteElo "1483"]
[BlackElo "2447"]
[PlyCount "46"]
[EventDate "2001.??.??"]

1. e4 c5 2. d3 e6 3. Ne2 d5 4. exd5 exd5 5. Nbc3 Nc6 6. a3 Nf6 7. g3 Bg4 8. Bg2
Nd4 9. h3 Bf3 10. O-O Nxe2+ 11. Nxe2 Bxg2 12. Kxg2 Be7 13. Kg1 Qd7 14. Kh2 O-O
15. Re1 Rfe8 16. Bf4 Qf5 17. Qd2 Qh5 18. g4 Nxg4+ 19. Kg3 Qh4+ 20. Kf3 Qxh3+
21. Bg3 Nh2+ 22. Kf4 Bd6+ 23. Kg5 Nf3# {iokkun checkmated} 0-1

[Event "ICS rated bullet match"]
[Site "204.178.125.65"]
[Date "2001.07.02"]
[Round "?"]
[White "Hossa"]
[Black "iokkun"]
[Result "1-0"]
[WhiteElo "2447"]
[BlackElo "1483"]
[PlyCount "77"]
[EventDate "2001.??.??"]

1. c4 g6 2. e4 Bg7 3. d4 d6 4. Nc3 Nf6 5. f3 h6 6. Be3 a6 7. Bd3 Nc6 8. Nge2 e5
9. d5 Nd4 10. Nxd4 exd4 11. Bxd4 O-O 12. c5 dxc5 13. Bxc5 Re8 14. O-O c6 15. d6
Nd7 16. Bf2 Qb6 17. Bxb6 Nxb6 18. Kh1 Nd7 19. Qd2 f5 20. exf5 gxf5 21. Bxf5 Nc5
22. d7 Bxd7 23. Bg6 Rf8 24. b4 Rad8 25. Rad1 Bf5 26. Qxd8 Rxd8 27. Rxd8+ Bf8
28. Bxf5 Kg7 29. bxc5 Kf6 30. Rxf8+ Ke5 31. Re1+ Kd4 32. Rd8+ Kxc5 33. Ne4+ Kb6
34. Rb1+ Ka7 35. Rh8 b5 36. Rxh6 Kb6 37. Rd6 Ka5 38. Rxc6 Ka4 39. Rxa6# {
iokkun checkmated} 1-0

[Event "ICS rated blitz match"]
[Site "204.178.125.65"]
[Date "2001.07.02"]
[Round "?"]
[White "Hossa"]
[Black "Copperfield"]
[Result "1-0"]
[WhiteElo "2517"]
[BlackElo "1342"]
[PlyCount "29"]
[EventDate "2001.??.??"]

1. d4 d5 2. c4 dxc4 3. Nf3 Nc6 4. Nc3 Bf5 5. e4 Bg6 6. Bxc4 e5 7. d5 Na5 8.
Qa4+ b5 9. Bxb5+ Nc6 10. Bxc6+ Qd7 11. Bxd7+ Ke7 12. d6+ Kxd6 13. Qc6+ Ke7 14.
Nd5+ Kd8 15. Qxc7# {Copperfield checkmated} 1-0

[Event "ICS rated blitz match"]
[Site "204.178.125.65"]
[Date "2001.07.02"]
[Round "?"]
[White "strad"]
[Black "Hossa"]
[Result "0-1"]
[WhiteElo "1591"]
[BlackElo "2517"]
[PlyCount "52"]
[EventDate "2001.??.??"]

1. d4 d5 2. c4 e6 3. Nc3 c6 4. Nf3 dxc4 5. a4 Bb4 6. e3 b5 7. axb5 cxb5 8. Bd2
Bd7 9. Ne5 Bxc3 10. Bxc3 Nc6 11. Nxd7 b4 12. Bd2 Qxd7 13. Bxc4 Nge7 14. Qb3 O-O
15. Bxb4 Rab8 16. Ra4 a5 17. O-O Rxb4 18. Rxb4 Nxb4 19. Ra1 Nec6 20. Bb5 Nxd4
21. exd4 Qxb5 22. Ra4 Qe2 23. h3 Qe1+ 24. Kh2 Qxf2 25. Rxa5 Nc6 26. Rc5 Nxd4 {
strad resigns} 0-1

[Event "ICS rated blitz match"]
[Site "204.178.125.65"]
[Date "2001.07.02"]
[Round "?"]
[White "Hossa"]
[Black "Egwugwu"]
[Result "1-0"]
[WhiteElo "2517"]
[BlackElo "2096"]
[PlyCount "33"]
[EventDate "2001.??.??"]

1. Nf3 d5 2. d4 Nf6 3. c4 dxc4 4. e3 e6 5. Bxc4 c5 6. O-O a6 7. Bd3 Nc6 8. Nc3
b5 9. Ne4 cxd4 10. Nxf6+ Qxf6 11. exd4 h6 12. Be3 Be7 13. Be4 Bb7 14. Ne5 Nd8
15. Bxb7 Nxb7 16. Qc2 O-O 17. Nd7 {Egwugwu resigns} 1-0

[Event "ICS rated blitz match"]
[Site "204.178.125.65"]
[Date "2001.07.02"]
[Round "?"]
[White "Hossa"]
[Black "og1"]
[Result "1-0"]
[WhiteElo "2520"]
[BlackElo "1560"]
[PlyCount "20"]
[EventDate "2001.??.??"]

1. d4 e6 2. c4 d5 3. Nc3 Nf6 4. e3 Be7 5. Nf3 O-O 6. c5 c6 7. Bd3 b6 8. cxb6
axb6 9. Ne5 Nbd7 10. Nxc6 Qc7 {og1 resigns} 1-0

[Event "ICS rated blitz match"]
[Site "204.178.125.65"]
[Date "2001.07.02"]
[Round "?"]
[White "TacticalFish"]
[Black "Hossa"]
[Result "0-1"]
[WhiteElo "1913"]
[BlackElo "2520"]
[PlyCount "60"]
[EventDate "2001.??.??"]

1. d4 Nf6 2. e3 g6 3. f4 Bg7 4. Nf3 O-O 5. Bd3 d5 6. O-O Bg4 7. Qe1 Nc6 8. Ne5
Qc8 9. c3 Bf5 10. Be2 Bxb1 11. Rxb1 Ne4 12. Bd2 Nxe5 13. fxe5 f6 14. Bd3 Nxd2
15. Qxd2 fxe5 16. Rxf8+ Bxf8 17. dxe5 Qe6 18. Rd1 Bh6 19. Be2 Qxe5 20. Kh1 c6
21. Bf3 Bxe3 22. Qe2 Bf4 23. Qc2 Bxh2 24. Qd2 Bf4 25. Qe2 Qg5 26. Kg1 e5 27. c4
Be3+ 28. Kf1 e4 29. Re1 exf3 30. Qxf3 Rf8 {TacticalFish resigns} 0-1

[Event "ICS rated blitz match"]
[Site "204.178.125.65"]
[Date "2001.07.02"]
[Round "?"]
[White "kidza"]
[Black "Hossa"]
[Result "0-1"]
[WhiteElo "2054"]
[BlackElo "2521"]
[PlyCount "66"]
[EventDate "2001.??.??"]

1. e4 e6 2. e5 d6 3. exd6 Bxd6 4. d4 Nf6 5. Nc3 O-O 6. Nf3 c5 7. Bc4 cxd4 8.
Qxd4 Nc6 9. Qh4 Nb4 10. Bb3 Nbd5 11. Nxd5 Nxd5 12. Qxd8 Rxd8 13. O-O Nf4 14.
Bxf4 Bxf4 15. Rad1 Bd7 16. Nd4 g5 17. Rd3 g4 18. a4 Kf8 19. Ne2 Be5 20. c3 Bc6
21. Rfd1 Rxd3 22. Rxd3 Ke7 23. Nd4 Rb8 24. Kf1 Kf6 25. g3 Rd8 26. Ke2 Bg2 27.
Ke3 Bc7 28. Rd1 e5 29. Ne2 Bb6+ 30. Nd4 exd4+ 31. cxd4 Bf3 32. Rd2 Re8+ 33. Kf4
Bc7# {kidza checkmated} 0-1